Operation, dump the chump / (Запис № 533390)

МАРК-запис
000 -LEADER
fixed length control field 01327cam a2200301Ia 4500
001 - CONTROL NUMBER
control field operationdumpchu00park
003 - CONTROL NUMBER IDENTIFIER
control field CaSfIA
005 - DATE AND TIME OF LATEST TRANSACTION
control field 20210118194939.0
007 - PHYSICAL DESCRIPTION FIXED FIELD--GENERAL INFORMATION
fixed length control field cr||||
008 - FIXED-LENGTH DATA ELEMENTS--GENERAL INFORMATION
fixed length control field 831212t19831982nyu j 000 1 eng d
010 ## - LIBRARY OF CONGRESS CONTROL NUMBER
LC control number 81008147
040 ## - CATALOGING SOURCE
Original cataloging agency BOA
Transcribing agency BOA
Modifying agency OCL
-- BTCTA
-- BAKER
-- YDXCP
-- CaSfIA
020 ## - INTERNATIONAL STANDARD BOOK NUMBER
International Standard Book Number 0380639742
020 ## - INTERNATIONAL STANDARD BOOK NUMBER
International Standard Book Number 9780380639748
035 ## - SYSTEM CONTROL NUMBER
System control number (OCoLC)10212496
092 ## - LOCALLY ASSIGNED DEWEY CALL NUMBER (OCLC)
Classification number FIC
Item number Par
100 1# - MAIN ENTRY--PERSONAL NAME
Personal name Park, Barbara.
245 10 - TITLE STATEMENT
Title Operation, dump the chump /
Medium [electronic resource]
Statement of responsibility, etc Barbara Park.
260 ## - PUBLICATION, DISTRIBUTION, ETC. (IMPRINT)
Place of publication, distribution, etc New York :
Name of publisher, distributor, etc Avon,
Date of publication, distribution, etc 1983, c1982.
300 ## - PHYSICAL DESCRIPTION
Extent 113 p. ;
Dimensions 20 cm.
520 ## - SUMMARY, ETC.
Summary, etc Eleven year-old Oscar devises an elaborate plan to get rid of his pesky little brother.
506 ## - RESTRICTIONS ON ACCESS NOTE
Standardized terminology for access restriction Необхідна авторизація на https://archive.org/ (створення облікового запису безкоштовно)
506 ## - RESTRICTIONS ON ACCESS NOTE
Standardized terminology for access restriction Необхідна авторизація на https://openlibrary.org/ (створення облікового запису безкоштовно)
650 #1 - SUBJECT ADDED ENTRY--TOPICAL TERM
Topical term or geographic name as entry element Brothers and sisters
Form subdivision Fiction.
856 41 - ELECTRONIC LOCATION AND ACCESS
Uniform Resource Identifier <a href="http://www.archive.org/details/operationdumpchu00park">http://www.archive.org/details/operationdumpchu00park</a>
Public note Free eBook from the Internet Archive
856 42 - ELECTRONIC LOCATION AND ACCESS
Uniform Resource Identifier <a href="http://www.openlibrary.org/books/OL7432214M">http://www.openlibrary.org/books/OL7432214M</a>
Public note Additional information and access via Open Library
942 ## - ADDED ENTRY ELEMENTS (KOHA)
Koha item type ЕКнига

Немає доступних примірників.